Vplyv ochrannej atmosféry na geometriu návarov

Enregistré dans:
Détails bibliographiques
Auteur principal: Mócik, Jakub (Auteur)
Autres auteurs: Šugra, Filip (Directeur de thèse)
Format: Manuscrit Livre
Langue:slovaque
Publié: 2023
Sujets:
Accès en ligne:http://is.stuba.sk/zp/portal_zp.pl?podrobnosti=164065
Tags: Ajouter un tag
Pas de tags, Soyez le premier à ajouter un tag!

MARC

LEADER 00000ntm a22000003a 4500
001 stuzp92994
003 SK-STU
005 20230909213743.2
007 ta
008 150427s2015----xo-----f-mn---000-0-slo-d
040 |a STU  |b slo 
041 0 |a slo 
100 1 |a Mócik, Jakub  |u 063000  |4 aut  |U MTF Materiálovotechnologická fakulta  |T MTF Ústav výrobných technológií  |X 111873  |U M3000  |Y 83  |7 111873 
242 0 1 |a The effect of the protective atmosphere on the deposits geometry  |y eng 
245 1 0 |a Vplyv ochrannej atmosféry na geometriu návarov 
260 |c 2023 
650 4 |a geometria  |2 slo 
650 4 |a Wire Arc Additive Manufacturing (WAAM)  |2 slo 
650 4 |a Inconel 718  |2 slo 
650 4 |a CMT  |2 slo 
650 4 |a CMT  |2 eng 
650 4 |a Inconel 718  |2 eng 
650 4 |a geometry  |2 eng 
650 4 |a Wire Arc Additive Manufacturing (WAAM)  |2 eng 
700 1 |a Šugra, Filip  |u 063000  |k Z3  |4 ths  |U MTF Materiálovotechnologická fakulta  |T MTF Ústav výrobných technológií  |X 80178  |U M3000  |Y 83  |7 80178 
856 4 |u http://is.stuba.sk/zp/portal_zp.pl?podrobnosti=164065 
996 |c M* BP-9637  |l MMSKP  |s P  |a 0  |w stuzp92994_0001